Ảnh hưởng của môi trường nuôi cây và các chất điều hòa sinh trưởng TDZ, BA, NAA, IBA trên sự tái sinh chồi và rễ cây Mai Vàng (Ochna integerrima (Lour.) Merr.) in vitro : Báo cáo tổng kết đề tài khoa học và công nghệ cấp Trường
Nội dung đè tài xác định môi trường thích hợp trong tạo chồi, nhân nhanh chồi, tạo rễ và giá thể thích hợp cho tỷ lệ sống sót cao của cây mai vàng in vitro khi chuyển sang môi trường tự nhiên.
Na minha lista:
| Autor principal: | |
|---|---|
| Formato: | Livro |
| Idioma: | Undetermined |
| Publicado em: |
Cần Thơ
Trường Đại học Cần Thơ
2012
|
| Assuntos: | |
| Tags: |
Adicionar Tag
Sem tags, seja o primeiro a adicionar uma tag!
|
| Thư viện lưu trữ: | Trung tâm Học liệu Trường Đại học Cần Thơ |
|---|
| LEADER | 01244nam a2200217Ia 4500 | ||
|---|---|---|---|
| 001 | CTU_203488 | ||
| 008 | 210402s9999 xx 000 0 und d | ||
| 082 | |a 635.9 | ||
| 082 | |b Ph561 | ||
| 088 | |a T2011-32 | ||
| 100 | |a Lâm, Ngọc Phương | ||
| 245 | 0 | |a Ảnh hưởng của môi trường nuôi cây và các chất điều hòa sinh trưởng TDZ, BA, NAA, IBA trên sự tái sinh chồi và rễ cây Mai Vàng (Ochna integerrima (Lour.) Merr.) in vitro : | |
| 245 | 0 | |b Báo cáo tổng kết đề tài khoa học và công nghệ cấp Trường | |
| 245 | 0 | |c Lâm Ngọc Phương (chủ nhiệm đề tài) | |
| 260 | |a Cần Thơ | ||
| 260 | |b Trường Đại học Cần Thơ | ||
| 260 | |c 2012 | ||
| 520 | |a Nội dung đè tài xác định môi trường thích hợp trong tạo chồi, nhân nhanh chồi, tạo rễ và giá thể thích hợp cho tỷ lệ sống sót cao của cây mai vàng in vitro khi chuyển sang môi trường tự nhiên. | ||
| 650 | |a Floriculture,Nghề trồng hoa,Ochnaceae,Cây mai vàng | ||
| 904 | |i Qhieu | ||
| 980 | |a Trung tâm Học liệu Trường Đại học Cần Thơ | ||